Les v domě /
Dramatický příběh o tom, že nic v životě není takové, jak to na první pohled vypadá, a že žádné tajemství není nikdy pohřbeno tak hluboko, aby se nedalo vykopat.
Uloženo v:
| Hlavní autor: | |
|---|---|
| Médium: | E-kniha |
| Jazyk: | Czech |
| Vydáno: |
Brno :
Host,
2023
|
| Vydání: | První vydání |
| Témata: | |
| Tagy: |
Žádné tagy |
| LEADER | 02191nam a2200373 i 4500 | ||
|---|---|---|---|
| 001 | 301487 | ||
| 003 | CZ PrSKC | ||
| 005 | 20260430063208.0 | ||
| 007 | ta | ||
| 008 | 230414s2023 xr g 000 f cze | ||
| 015 | |a cnb003515778 | ||
| 020 | |a 9788027515868 |q (vázáno) | ||
| 035 | |a (OCoLC)1389730020 | ||
| 040 | |a ABG001 |b cze |e rda | ||
| 072 | 7 | |a 821.162.3-3 |x Česká próza |2 Konspekt | |
| 080 | |a 821.162.3-31 |2 MRF | ||
| 080 | |a (0:82-31) |2 MRF | ||
| 100 | 1 | |a Mornštajnová, Alena, |d 1963- |7 ola2007364886 |4 aut | |
| 245 | 1 | 0 | |a Les v domě / |c Alena Mornštajnová |
| 246 | 1 | |i Na patitulu název s přeškrtnutým písmenem s nahrazeným písmenem ž: |a Lež v domě | |
| 250 | |a První vydání | ||
| 264 | 1 | |a Brno : |b Host, |c 2023 | |
| 300 | |a 297 stran ; |c 21 cm | ||
| 336 | |a text |b txt |2 rdacontent | ||
| 337 | |a bez média |b n |2 rdamedia | ||
| 338 | |a svazek |b nc |2 rdacarrier | ||
| 520 | 2 | |a Dramatický příběh o tom, že nic v životě není takové, jak to na první pohled vypadá, a že žádné tajemství není nikdy pohřbeno tak hluboko, aby se nedalo vykopat. |b Říkají jí Cácora a vypadá to, že je na světě nedopatřením a jakoby navíc. Otec kamsi zmizel při povodních, matka utíká před odpovědností k milencům a alkoholu -- a Cácora zůstala viset na krku nevraživé babičce, která obhospodařuje zahradnictví a je přesvědčená o tom, že všechno špatné lze v životě jednoduše vyhubit jako žravé plzáky. Nebo o tom prostě nemluvit. Jenže všude kolem je les, ve kterém se skrývá cosi hrozivého, a Cácora jednoho dne mluvit začne... Nakladatelská anotace. | |
| 655 | 7 | |a české romány |7 fd133974 |2 czenas | |
| 655 | 9 | |a Czech fiction |2 eczenas | |
| 900 | |a ABA001 |b 19 | ||
| 044 | |a xr | ||
| 910 | |a RBIT002 | ||
| 998 | |d 373732 |a https://core.palmknihy.cz/api/books/373732/cover?rt02y2 |b https://core.palmknihy.cz/api/books/373732/cover/400?rt02y2 |c https://core.palmknihy.cz/api/books/373732/cover/50?rt02y2 |e 2030-12-31 |g 304 |i 9788027515868 |j https://core.palmknihy.cz/api/books/373732/preview.epub |k https://core.palmknihy.cz/api/books/373732/preview.pdf |l |q 49 |r 1 |s https://www.palmknihy.cz/kniha/373732 |t ebook |y 2023 |z 0 | ||
| 999 | |d 301485 | ||